000 01154nam a22003257a 4500
001 6005
003 FISKH
005 20250225094030.0
008 250220b cb ||||| |||| 00| 0 eng d
020 _a9781476764665
_c$22.00
024 3 _a9780671582753
_d51200
040 _aJVK
_cJVK
_dOCL
_dDLC
_beng
050 _aBJ1661 .C666
082 _a158.0835
100 1 _aCovey, Sean.
245 1 4 _aThe 7 habits of highly effective teens :
_bA true gift for the teenage soul /
_cSean Covey.
250 _aThis edition published in 2014
260 _aNew York :
_bSimon & Schuster paperbacks,
_c1998.
300 _a266 pages :
_bcolor illustrations ;
_c24 cm
500 _aAn abridged recording of the book read by the author.
500 _aIn container (17 cm.).
520 _aApplies the proven wisdom of the 7 habits to teens and the tough issues and life-changing decisions they face.
650 0 _aTeenagers
_xConduct of life.
650 0 _aSuccess
_xPsychological aspects.
650 0 _aTeenagers
_xLife skills guides.
650 0 _aAudiobooks.
906 _a7
_bcbc
_ccopycat
_d3
_encip
_f20
_gy-genmusic
942 _2ddc
_cBK
_n0
999 _c6005
_d6005